El transporte de carga entre Brasil y los paises del grupo andino
Uloženo v:
| Médium: | Kniha |
|---|---|
| Jazyk: | španělština |
| Vydáno: |
Santiago
CEPAL
1982
|
| Témata: | |
| Tagy: |
Přidat tag
Žádné tagy, Buďte první, kdo vytvoří štítek k tomuto záznamu!
|
MARC
| LEADER | 00000nam a2200000 a 4500 | ||
|---|---|---|---|
| 001 | UCV3954 | ||
| 003 | CL-VaPUC | ||
| 008 | 880929e19820000CL |||||||||||||||||spa|d | ||
| 082 | 0 | 4 | |a 387.5 |b TRA |2 21 |
| 245 | 1 | 3 | |a El transporte de carga entre Brasil y los paises del grupo andino |
| 300 | |a 2 v | ||
| 942 | |c BK | ||
| 945 | |d 19880929 00:00:00 |a mfernand | ||
| 260 | |a Santiago |b CEPAL |c 1982 | ||
| 650 | 0 | |a Transporte marítimo |9 260127 | |
| 650 | 7 | |a CARGA MARITIMA |2 CL-VaPUC |9 255552 | |
| 651 | 0 | |a América del Sur |9 260128 | |
| 583 | |a last modification |c 19880929 00:00:00 |k Rodrigo Vera | ||
| 999 | |c 211029 |d 211027 | ||